[Event "Canadian op 48th U2000"]
[Site "Toronto"]
[Date "2011.07.13"]
[Round "5"]
[White "Ali, Shafkat"]
[Black "Palmer, Jordan"]
[Result "0-1"]
[WhiteElo "1823"]
[BlackElo "1947"]
[PlyCount "70"]
[EventDate "2011.07.09"]
[EventType "swiss"]
[EventRounds "9"]
[EventCountry "CAN"]
[SourceTitle "EXT 2022"]
[Source "ChessBase"]
[SourceDate "2021.10.06"]
[SourceVersion "1"]
[SourceVersionDate "2021.10.06"]
[SourceQuality "1"]

1. e4 d5 2. exd5 Nf6 3. d4 Nxd5 4. c4 Nf6 5. Nc3 g6 6. Nf3 Bg7 7. Be2 0-0 8. h3 b6 9. Bf4 Bb7 10. Nb5 Na6 11. 0-0 c6 12. Nc3 Qd7 13. Ne5 Qf5 14. Bh2 Rad8 15. g4 Qc8 16. g5 Ne8 17. Bg4 e6 18. Rc1 Nd6 19. Ne2 Nf5 20. Bxf5 exf5 21. Bf4 Rfe8 22. Qb3 c5 23. Qg3 cxd4 24. Rce1 Nc5 25. h4 Ne4 26. Qh2 Bxe5 27. Bxe5 Nd2 28. f4 Nxf1 29. Kxf1 Qxc4 30. Rc1 Qb5 31. h5 d3 32. hxg6 dxe2+ 33. Ke1 Rd1+ 34. Rxd1 exd1Q+ 35. Kxd1 Qf1+ 0-1